• 首页
  • 本馆介绍
  • 公告通知
  • 最新文献
  • 馆藏检索
  • 电子资源
  • 读者导购
  • 参考咨询
  • 我的图书馆
  • 登录
  • 详细信息显示
  • 放入我的书架
  • 预约/预借图书
  • 作者相关作品
  • 分类相关作品
  • 丛书相关作品
  • 出版社相关作品

书目信息

  • 表格格式
  • 工作单格式
  • 卡片格式
书名: More than talk
作者: Bill Strom.
分册号:
分册名:
出版地: Dubuque, Iowa :
 
出版社: Kendall/Hunt Pub. Co
出版时间: c1998.
页数: x, 299 p. :
开本: 23 cm.
丛书名:
中图分类号:
科图分类号:
其他分类号: B972
主题词:
电子资源:
000 01142cam a2200337 a 450
001 E0755975839
005 20070506153521.56
008 980831s1998 iaua b 001 0 eng d
010    @a99164227
020    @a0787248584.
035    @a(OCoLC)39778315
035    @a(DLC) 99164227
040    @aCaBLTW@cCaBLTW@dDLC
042    @alccopycat
050 00 @aP90@b.S77 1998
082 00 @a261.5@2 21
090    @aB972
099    @dB972@ex17
100 1  @aStrom, Bill.
245 10 @aMore than talk :@bcommunication studies and the Christian faith / @cBill Strom.
246 30 @aCommunication studies and the Christian faith
260    @aDubuque, Iowa :@bKendall/Hunt Pub. Co.,@cc1998.
300    @ax, 299 p. :@bill. ;@c23 cm.
504    @aIncludes bibliographical references and indexes.
650  0 @aCommunication@xReligious aspects@xChristianity.
650  0 @aCommunication.
906    @a7@bcbc@ccopycat@d3@encip@f19@gy-gencatlg
922    @aco
955    @apb11 01-21-99 to hlcd; le02 03-02-99; le03 07-26-99; le02 to ddc 08-02-99; aa15 09-02-99
985    @eGAP
991    @bc-GenColl@hP90@i.S77 1998@oam@tCopy 1@wBOOKS
    
    More than talk : : communication studies and the Christian faith / / Bill Strom.-Dubuque, Iowa : : Kendall/Hunt Pub. Co., , c1998.
    x, 299 p. : : ill. ; ; 23 cm.
    Includes bibliographical references and indexes.
    
    ISBN 0787248584.
    
●
相关链接 在E读中查询图书 在五车中查询图书 在当当中查询图书 在豆瓣中查询图书


正题名:More than talk     索取号:B972/x17         预约/预借

序号 登录号 条形码 馆藏地/架位号 状态 备注
1 7482   300074826   第二样本阅览室/ [索取号:B972/x17] 在馆    
2 7483   300074835   第四借阅区/ [索取号:B972/x17] 在馆    
唐山师范学院图书馆 欢迎您!
大连网信软件有限公司© 版权所有